| 000 | 00000nam##2200000za#4500 |
| 001 | 9.662529 |
| 003 | CaOODSP |
| 005 | 20231123084324 |
| 007 | ta |
| 008 | 150407|2001||||xxc||||| f|0| 0 eng|d |
| 020 | |a0-662-29933-7 |
| 040 | |aCaOODSP|beng |
| 041 | |aeng |
| 041 | |afre |
| 043 | |an-cn--- |
| 086 | 1 |aE2-213/2001 |
| 110 | 1 |aCanada. |bForeign Affairs and International Trade Canada. |
| 245 | 10|aFramework for conducting environmental assessments of trade negotiations |
| 260 | |aOttawa - Ontario : |bForeign Affairs and International Trade |c2001. |
| 300 | |aEnglish text, iii, 22p. ; |c28 cm. |
| 500 | |a"The framework is organized into two main parts. Part 1 identifies the importance of recognizing environmental considerations of trade and describes how the framework will contribute to mutually supportive trade and environmental policy. Part 2 outlines the process and analytical requirements for undertaking an EA of a trade negotiation."--Executive summary. |
| 520 | 3 |aThe framework is organized into two main parts. Part 1 identifies the importance of recognizing environmental considerations of trade and describes how the framework will contribute to mutually supportive trade and environmental policy. Part 2 outlines the process and analytical requirements for undertaking an EA of a trade negotiation.--Executive summary |
| 546 | |aBilingual |
| 563 | |aSoftcover |
| 590 | |a01-11|b2001-03-16 |
| 690 | 07|aEnvironmental impact assessment|2gcpds |
| 690 | 07|aTrade negotiations|2gcpds |
| 690 | 07|aPolicy|2gcpds |
| 776 | 0#|tCadre pour l'évaluation environnementale des négociations commerciales |w(CaOODSP)9.637736 |
| 776 | 0#|tFramework for conducting environmental assessments of trade negotiations |w(CaOODSP)9.693561 |
| 792 | |tCadre pour l'évaluation environnementale des négociations commerciales |efre|w(CaOODSP)9.662530 |